000 00683nam a22001817a 4500
005 20120606135456.0
020 _a9788175345263
_c250.00
035 _aB-220661
037 _aDPL
_bENG
100 _aSingh, S P
_948532
245 _aLaw of tort :
_bIncluding compensation under the consumer protection act /
_cby S P Singh and Indrajit P. Singh
250 _arprn.
260 _aNew Delhi
_bUniversal Law Publishing Co.
_c2007
300 _aliv, 376p.
_c22 cms.
700 _aSingh, Indrajit P.
_948533
942 _2ddc
_cEN
_h346.03
_mSIN
999 _c67575
_d67575